| 000 | 01184cam a2200229 4500 | ||
|---|---|---|---|
| 001 | WB@3612-333 | ||
| 008 | 041124n2004 000 0 eng u | ||
| 035 | _a(Sirsi) u128108 | ||
| 245 | _aPFI pack to speed up process | ||
| 260 | _c2004 | ||
| 490 |
_aODPM News Release _v(2004/0284) 24 November 2004 (2) |
||
| 520 | _aThe Housing Private Finance Initiative (PFI) Procurement Pack has been launched by the government. The aim is for it to help simplify the process of agreeing contracts and therefore speed up delivery of decent and affordable homes. PFI is a key component of the government's Decent Home programme, as well as in the provision of affordable housing for rent. £1.22bn has already been dedicated to the Housing PFI programme over the next three years. The pack has been jointly developed by the ODPM and 4ps. For more information go to the website. http://www.odpm.gov.uk/pns/displaypn.cgi?pn_id=200 4_0284 | ||
| 590 | _aWB | ||
| 590 | _aWB | ||
| 650 | _aPROCUREMENT CONTRACTS | ||
| 650 | _aPFI CONTRACTS | ||
| 650 | _aPUBLIC SERVICES | ||
| 650 | _aPUBLIC PROCUREMENT | ||
| 650 | _aPUBLIC PRIVATE PARTNERSHIPS | ||
| 690 | _aFINANCE-PFI | ||
| 942 | _n0 | ||
| 999 |
_c118365 _d118365 |
||